Normale Ansicht MARC-Ansicht ISBD

Medienmitteilung (Titelsatznr. 77400)

[ MARC ]
MARC-Details
000 -Satzkennung
Kontrollfeld mit fester Länge 00547nam a2200241 4500
001 - Kontrollnummer
Kontrollfeld 17047
003 - Kontrollnummer Identifier
Kontrollfeld OSt
005 - Datum und Zeit der letzten Transaktion
Kontrollfeld 20220713112856.0
007 - Feld mit fester Länge zur physischen Beschreibung - Allgemeine Information
Kontrollfeld mit fester Länge tu
008 - Feld mit fester Länge zur physischen Beschreibung - Allgemeine Angaben
Kontrollfeld mit fester Länge 121129|||||||||||| ger
040 ## - Katalogisierungsquelle
Übertragungsstelle DE-2950
110 2# - Haupteintragung - Körperschaftsname
Körperschafts- oder Gebietskörperschaftsname als Eintragungselement Stadt Frankfurt (Oder)
245 00 - Titel
Titel Medienmitteilung
Verfasserangabe etc. Frankfurt (Oder) Kleiststadt
264 ## - Produktion, Veröffentlichung, Distribution, Herstellung und Urheberrechtsvermerk
Herstellungs-, Veröffentlichungs- Vertriebs-, Erzeugungsort Frankfurt (Oder)
365 ## - Handelspreis
Währungscode
515 ## - Fußnote zu Besonderheiten der Zählung
Fußnote zu Besonderheiten der Zählung unbekannt
546 ## - Fußnote zur Sprache
Sprache deutsch
650 04 - Nebeneintragung unter einem Schlagwort - Sachschlagwort
Sachschlagwort oder geografischer Name als Eintragungselement Pressemitteilung
650 04 - Nebeneintragung unter einem Schlagwort - Sachschlagwort
Sachschlagwort oder geografischer Name als Eintragungselement Stadt
650 04 - Nebeneintragung unter einem Schlagwort - Sachschlagwort
Sachschlagwort oder geografischer Name als Eintragungselement Frankfurt
942 ## - Zusätzliche Felder (Koha)
Klassifikation oder Aufstellungssystematik Andere/Generische Klassifikation
Koha-Medientyp Zeitschriften
Exemplare
Ausgeschieden Verloren Klassifikation oder Aufstellungssystematik Beschädigt Nicht entleihbar Heimatbibliothek Aufenthaltsbibliothek Aufstellungsort Erwerbungsdatum Kodierter Standort-Qualifier Anzahl Ausleihen Signatur Letzte Aktivität Preis gültig von Koha-Medientyp
    Andere/Generische Klassifikation     Stadtarchiv Frankfurt (Oder) | Archivbibliothek Stadtarchiv Frankfurt (Oder) | Archivbibliothek Magazin 25/11/2020 M   IV: 1357 25/11/2020 25/11/2020 Zeitschriften